000 00607nam a22002052 4500
001 0000019980
005 20151217145922.0
008 110415s xx 000 0 eng d
020 _a996670695x :
040 _aKABU
_cKABU
100 1 _aGituma, Muriithi.
_@0000180005
245 1 0 _aStudying & preparing for examinations :
_bexams strategies and tips /
_cMuriithi Gituma.
250 _a1st ed.
260 _aNairobi :
_bQueenex,
_c2007.
300 _a50 p.
650 0 _aStudy skills.
_@0000153594
852 1 _9p200 KES
908 _a110415
950 _@1
999 _c4050
_d4050